Miért válunk? s mit szólnak hozzá?

Bibliographic Details
Main Authors: Janković, Nóra, 1970- (Author, Interviewer), Peres, Imre, 1953- (Author), Bordás, Sándor, 1952- (Author)
Format: Article
Language:Hungarian
PhysicalDescription:Fotogr.
ISSN:1335-938X
Subjects:

MARC

LEADER 00000nab a2200000 ar4500
001 vtls009004093
003 SK-MaSNL
005 20260319071304.0
008 070427c2007 xo |||||| | 000 b|hun
015 |a SNBRB2007/04  |2 snkbucl 
038 |a SNKBUCL 
040 |a DSZK  |b slo  |c DSZK  |e AACR2 
041 0 |a hun 
044 |a xo  |c SK 
080 |a 364.286  |2 1997 
100 1 |a Janković, Nóra,  |d 1970-  |4 ivr  |4 aut  |9 106512 
245 1 0 |a Miért válunk?  |b s mit szólnak hozzá?  |c Janković Nóra, Peres Imre, Bordás Sándor 
300 |b Fotogr. 
500 |a Poznámky k téme na s. 39 od -varga- 
650 0 7 |a rozvod  |2 snkbucl  |9 2703 
650 0 7 |a rozpad manželstva  |2 snkbucl  |9 845060 
700 1 |a Peres, Imre,  |d 1953-  |4 ive  |4 aut  |9 98049 
700 1 |a Bordás, Sándor,  |d 1952-  |4 ive  |4 aut  |9 103374 
773 0 |t Új nő  |g Sz. 2 (2007), o. 36-38  |x 1335-938X 
852 |a SNK  |b KIS3GCP 
852 |a DSZK  |b KIS3GCP 
958 |a HU 
999 |c 1751936  |d 1753866